La nutria neotropical de La Guajira : (Registro nro. 31085)

Detalles MARC
000 -LEADER
fixed length control field 01183nam a22002537a 4500
003 - CONTROL NUMBER IDENTIFIER
control field OSt
005 - DATE AND TIME OF LATEST TRANSACTION
control field 20250929153958.0
008 - FIXED-LENGTH DATA ELEMENTS--GENERAL INFORMATION
fixed length control field 250924t |||ao||| |||| 00| 0 spa d
020 ## - INTERNATIONAL STANDARD BOOK NUMBER
International Standard Book Number 9789585480070
037 ## - SOURCE OF ACQUISITION
Source of stock number/acquisition Donación
040 ## - CATALOGING SOURCE
Original cataloging agency CO-JMCR
Language of cataloging spa
Transcribing agency CO-JMCR
Modifying agency CO-JMCR
Description conventions rda
041 0# - LANGUAGE CODE
Language code of text/sound track or separate title spa
082 04 - DEWEY DECIMAL CLASSIFICATION NUMBER
Edition number 23
Classification number 599.769
Item number M82n
110 1# - MAIN ENTRY--CORPORATE NAME
Corporate name or jurisdiction name as entry element Bogotá
Subordinate unit Corporaciones Autónomas Regionales
9 (RLIN) 44365
245 13 - TITLE STATEMENT
Title La nutria neotropical de La Guajira :
Remainder of title ¡entre todos podemos conservarla! /
Statement of responsibility, etc. fotografías Fernando Trujillo [y otros veinte].
264 ## - PRODUCTION, PUBLICATION, DISTRIBUTION, MANUFACTURE, AND COPYRIGHT NOTICE
Place of production, publication, distribution, manufacture Bogotá D.C. :
Name of producer, publisher, distributor, manufacturer CAR,
-- Fundación Omacha,
Date of production, publication, distribution, manufacture, or copyright notice 2018.
300 ## - PHYSICAL DESCRIPTION
Extent 39 páginas :
Other physical details Ilustraciones, fotografías ;
Dimensions 19 x 21 cm.
504 ## - BIBLIOGRAPHY, ETC. NOTE
Bibliography, etc. note Incluye bibliografía
520 ## - SUMMARY, ETC.
Summary, etc. Las nutrias hacen parte de la familia Mustelidae, la cual ha colonizado todos los continentes y sus ancestros se han registrado en fósiles que datan de hace más de 25 millones de años.
650 24 - SUBJECT ADDED ENTRY--TOPICAL TERM
Source of heading or term JMCR
Topical term or geographic name entry element Nutrias
Form subdivision Especies en peligro
General subdivision Investigaciones
Geographic subdivision La Guajira (Colombia)
9 (RLIN) 44333
650 24 - SUBJECT ADDED ENTRY--TOPICAL TERM
Source of heading or term JMCR
Topical term or geographic name entry element Conservación de especies
General subdivision Investigaciones
Geographic subdivision La Guajira (Colombia)
9 (RLIN) 44335
700 1# - ADDED ENTRY--PERSONAL NAME
Personal name Trujillo, Fernando,
Relator term fotógrafo.
9 (RLIN) 44336
942 ## - ADDED ENTRY ELEMENTS (KOHA)
Source of classification or shelving scheme Dewey Decimal Classification
Koha item type Books
Existencias
Withdrawn status Lost status Source of classification or shelving scheme Damaged status Not for loan Collection code Home library Current library Shelving location Date acquired Source of acquisition Total Checkouts Full call number Barcode Date last seen Copy number Price effective from Koha item type
    Dewey Decimal Classification     Non-fiction Biblioteca Pública José María del Castillo y Rada Biblioteca Pública José María del Castillo y Rada Book Cart 09/25/2025 Donación   599.769 M82n 201812193 09/25/2025 Ej.1 09/25/2025 Books